NFL Hall of Fame - Statistics

General Stats
  • This quiz has been taken 2,605 times
    2,173 since last reset
  • The average score is 89 of 346
Answer Stats
Year Pos. Team Player % Correct
2009 DE Bills Bruce Smith
76%
2010 HB Cowboys Emmitt Smith
76%
1994 TE Cardinals Jackie Smith
76%
2004 OT Raiders Boomer Brown
72%
1971 HB Browns Jim Brown
72%
1967 Coach Bengals Paul Brown
72%
1975 OT Giants Roosevelt Brown
72%
2015 WR Raiders Tim Brown
72%
1984 CB Browns Willie Brown
72%
2004 HB Lions Barry Sanders
71%
2010 WR 49ers Jerry Rice
71%
2011 CB Falcons Deion Sanders
70%
2007 TE Lions Charlie Sanders
69%
1994 CB 49ers Jimmy Johnson
68%
2020 Coach Cowboys Jimmy Johnson
68%
2000 QB 49ers Joe Montana
68%
1987 FB Steelers John Henry Johnson
68%
2018 WR Vikings Randy Moss
67%
1984 WR Redskins Charley Taylor
64%
1980 DE Rams Deacon Jones
64%
2017 DE Dolphins Jason Taylor
64%
2017 Owner Cowboys Jerry Jones
64%
1976 FB Packers Jim Taylor
64%
1999 LB Giants Lawrence Taylor
64%
1991 OL Bears Stan Jones
64%
2014 OT Seahawks Walter Jones
64%
2005 QB Dolphins Dan Marino
63%
1993 HB Bears Walter Payton
63%
2005 QB 49ers Steve Young
62%
1990 HB Steelers Franco Harris
61%
2019 S Ravens Ed Reed
59%
2018 LB Ravens Ray Lewis
59%
2006 DE Eagles Reggie White
59%
2014 WR Bills Andre Reed
58%
2008 CB Redskins Darrell Green
58%
1994 DT/LB Cowboys Randy White
58%
1989 QB Steelers Terry Bradshaw
57%
2016 QB Packers Brett Favre
56%
1977 QB Packers Bart Starr
55%
2004 QB Broncos John Elway
55%
2019 TE Chiefs Tony Gonzalez
55%
2009 LB Chiefs Derrick Thomas
54%
2008 DB Chiefs Emmitt Thomas
54%
2007 HB Bills Thurman Thomas
54%
2006 QB Cowboys Troy Aikman
54%
2017 QB Rams Kurt Warner
53%
2002 Coach Redskins George Allen
52%
2013 G Cowboys Larry Allen
52%
2003 HB Raiders Marcus Allen
52%
2016 WR Colts Marvin Harrison
52%
1992 Owner Raiders Al Davis
50%
2017 HB Chargers LaDanian Tomlinson
50%
2017 HB Broncos Terrell Davis
50%
2020 S Steelers Troy Polamalu
50%
1981 DE Packers Willie Davis
50%
1966 OT Giants Steve Owen
49%
2006 QB Oilers Warren Moon
49%
2002 QB Bills Jim Kelly
48%
1985 QB Jets Joe Namath
48%
1999 HB Rams Eric Dickerson
47%
2006 Coach Raiders John Madden
47%
1979 QB Colts Johnny Unitas
47%
1994 HB Browns Leroy Kelly
47%
2007 WR Cowboys Michael Irvin
47%
1985 QB Cowboys Roger Staubach
47%
1963 QB Redskins Sammy Baugh
47%
2010 LB Saints Rickey Jackson
46%
1989 S Packers Willie Wood
46%
2011 HB Rams Marshall Faulk
45%
1995 WR Seahawks Steve Largent
45%
2014 DB Cardinals Aeneas Williams
44%
2018 LB Bears Brian Urlacher
44%
1988 TE Bears Mike Ditka
44%
1971 Coach Packers Vince Lombardi
44%
1986 QB Vikings Fran Tarkenton
43%
2009 S Steelers Rod Woodson
43%
2011 TE Broncos Shannon Sharpe
43%
2015 HB Steelers Jerome Bettis
42%
1985 HB Bills O.J. Simpson
42%
2018 WR 49ers Terrell Owens
42%
2013 WR Vikings Cris Carter
41%
1991 HB Oilers Earl Campbell
41%
1987 DT Steelers Joe Greene
41%
2016 DE Steelers Kevin Greene
41%
2000 S 49ers Ronnie Lott
41%
1993 QB Chargers Dan Fouts
40%
1974 CB Lions Dick Lane
40%
1997 Coach Dolphins Don Shula
40%
2020 RB Colts Edgerrin James
40%
1977 HB Bears Gale Sayers
40%
1990 Coach Cowboys Tom Landry
40%
2013 DT Buccaneers Warren Sapp
40%
2012 C Steelers Dermontti Dawson
39%
1979 LB Bears Dick Butkus
39%
1987 QB Chiefs Len Dawson
39%
1998 OT Bengals Anthony Munoz
38%
2016 QB Raiders Ken Stabler
38%
1998 LB Bears Mike Singletary
38%
2020 WR Rams Isaac Bruce
37%
2015 LB Chargers Junior Seau
37%
2014 DE Giants Michael Strahan
37%
1965 QB Browns Otto Graham
37%
2001 WR Steelers Lynn Swann
36%
2019 CB Patriots Ty Law
36%
1988 DT Vikings Alan Page
35%
2019 CB Broncos Champ Bailey
35%
1988 LB Steelers Jack Ham
35%
1990 LB Steelers Jack Lambert
34%
1993 Coach Steelers Chuck Noll
33%
2014 LB Buccaneers Derrick Brooks
33%
1995 TE Chargers Kellen Winslow
33%
2014 P Raiders Ray Guy
33%
1992 HB Redskins John Riggins
32%
1987 HB Dolphins Larry Csonka
32%
1989 CB Steelers Mel Blount
32%
1994 HB Cowboys Tony Dorsett
32%
1993 Coach 49ers Bill Walsh
31%
2018 S Eagles Brian Dawkins
31%
2007 OL Oilers Bruce Matthews
31%
2012 HB Patriots Curtis Martin
31%
1963 Coach Bears George Halas
31%
2020 Coach Steelers Bill Cowher
29%
2013 Coach Giants Bill Parcells
29%
1996 Coach Redskins Joe Gibbs
29%
1978 FS Cardinals Larry Wilson
29%
2009 Owner Bills Ralph Wilson
29%
1973 WR Colts Raymond Berry
29%
1971 QB Giants Y.A. Tittle
29%
1963 WR Packers Don Hutson
28%
1969 FB 49ers Joe Perry
28%
2013 OT Ravens Jonathan Ogden
27%
1978 WR Chargers Lance Alworth
27%
1999 TE Browns Ozzie Newsome
27%
2011 DT Bears Richard Dent
27%
2016 Coach Colts Tony Dungy
27%
2008 WR Redskins Art Monk
26%
1963 Commissioner N/A Bert Bell
26%
1983 LB Chiefs Bobby Bell
26%
2002 WR Steelers John Stallworth
26%
2016 OT Rams Orlando Pace
26%
1964 Owner Steelers Art Rooney
25%
2000 Owner Steelers Dan Rooney
25%
2020 WR Eagles Harold Carmichael
25%
1999 OL Rams Tom Mack
25%
1989 OT Raiders Art Shell
24%
1963 HB/Coach Packers Curly Lambeau
24%
1981 QB/K Bears George Blanda
24%
2000 DE Raiders Howie Long
24%
1980 C Raiders Jim Otto
24%
1991 G Patriots John Hannah
24%
2010 DE Vikings John Randle
24%
1982 DT Rams Merlin Olsen
24%
1997 C Steelers Mike Webster
24%
1971 QB Rams Norm Van Brocklin
24%
1965 QB Bears Sid Luckman
24%
1967 QB Steelers Bobby Layne
23%
1963 Back Bulldogs Jim Thorpe
23%
2017 K Falcons Morten Andersen
23%
1980 DT Cowboys Bob Lilly
22%
1994 Coach Vikings Bud Grant
22%
1963 QB Lions Earl Clark
22%
1977 OT Packers Forrest Gregg
22%
1986 HB Packers Paul Hornung
22%
1986 HB Lions Doak Walker
21%
1987 G Raiders Gene Upshaw
21%
1995 DE Buccaneers Lee Roy Selmon
21%
1983 WR Dolphins Paul Warfield
21%
1963 HB Bears Red Grange
21%
1963 Owner Giants Tim Mara
21%
1997 GM Giants Wellington Mara
21%
1990 QB Dolphins Bob Greise
20%
1987 WR Jets Don Maynard
20%
1963 Owner Redskins George Marshall
20%
2003 Coach Chiefs Hank Stram
20%
2001 LB Rams Jack Youngblood
20%
1991 K Chiefs Jan Stenerud
20%
1992 TE Colts John Mackey
20%
1975 HB Colts Lenny Moore
20%
2009 WR Cowboys Bob Hayes
19%
1963 FB Bears Bronko Nagurski
19%
1983 QB Redskins Sonny Jurgensen
19%
1990 LB Raiders Ted Hendricks
19%
2015 DE Cowboys Charles Haley
18%
2010 HB Broncos Floyd Little
18%
1977 WR Giants Frank Gifford
18%
1988 WR Raiders Fred Biletnikoff
18%
2006 LB Giants Harry Carson
18%
1993 G Dolphins Larry Little
18%
1998 S Vikings Paul Krause
18%
1985 Commissioner N/A Pete Rozelle
18%
2009 G Vikings Randall McDaniel
18%
1974 LB Bears Bill George
17%
2013 LB Packers Dave Robinson
17%
2003 WR Packers James Lofton
17%
1972 Founder AFL Lamar Hunt
17%
1978 LB Packers Ray Nitschke
17%
1996 WR Chargers Charlie Joiner
16%
1967 LB Eagles Chuck Bednarik
16%
2011 Founder NFL Films Ed Sabol
16%
1986 S Oilers Ken Houston
16%
2004 DE Vikings Carl Eller
15%
2012 DE Seahawks Cortez Kennedy
15%
2002 WR Raiders Dave Casper
15%
1998 C Dolphins Dwight Stephenson
15%
2001 OT Rams Jackie Slater
15%
1997 CB Patriots Mike Haynes
15%
1986 LB Chiefs Willie Lanier
15%
1972 QB Dodgers Ace Parker
14%
2012 DE Vikings Chris Doleman
14%
2013 DT Chiefs Curley Culp
14%
1996 OT Cardinals Dan Dierdorf
14%
2002 DL Bears Dan Hampton
14%
1968 HB Rams Elroy Hirsch
14%
1980 CB Packers Herb Adderley
14%
2012 CB Steelers Jack Butler
14%
1973 OT Colts Jim Parker
14%
2001 Coach Chiefs Marv Levy
14%
2012 OT Saints Willie Roaf
14%
1977 DT Browns Bill Willis
13%
1990 DT Chiefs Buck Buchanan
13%
1972 DE Colts Gino Marchetti
13%
2018 G Packers Jerry Kramer
13%
2017 S Seahawks Kenny Easley
13%
1968 FB Browns Marion Motley
13%
1996 CB Cowboys Mel Renfro
13%
1965 HB Eagles Steve Van Buren
13%
2015 G Chiefs Will Shields
13%
2016 Owner 49ers Edward DeBartolo Jr
12%
1992 CB Lions Lem Barney
12%
1974 K Browns Lou Groza
12%
2010 G Redskins Russ Grimm
12%
1982 LB Giants Sam Huff
12%
2020 G Vikings Steve Hutchinson
12%
1983 HB Redskins Bobby Mitchell
11%
2010 S Lions Dick LeBeau
11%
1987 C Dolphins Jim Langer
11%
1963 C/LB Giants Mel Hein
11%
1998 WR Eagles Tommy McDonald
11%
1978 Coach Colts Weeb Ewbank
11%
2008 LB Patriots Andre Tippett
10%
1968 DT Colts Art Donovan
10%
1965 QB Rams Bob Waterfield
10%
1967 Owner Rams Dan Reeves
10%
1982 DE Bears Doug Atkins
10%
1995 DT Packers Henry Jordan
10%
1963 Commissioner N/A Joe Carr
10%
2001 OT Vikings Ron Yary
10%
1991 GM Cowboys Tex Schramm
10%
1966 OT Bears Clyde Turner
9%
2008 OT Vikings Gary Zimmerman
9%
1973 LB Lions Joe Schmidt
9%
2001 OT Oilers Mike Munchak
9%
2006 OT Cowboys Rayfield Wright
9%
2020 DT Lions Alex Karras
8%
2011 LB Redskins Chris Hanburger
8%
1967 DB Packers Emlen Tunnell
8%
1963 FB Cardinals Ernie Nevers
8%
2008 DE Chargers Fred Dean
8%
1981 C Packers Jim Ringo
8%
1963 HB Pirates John "Blood" McNally
8%
1976 DE Browns Len Ford
8%
2001 LB Dolphins Nick Buoniconti
8%
1963 OT Bulldogs Pete Henry
8%
1999 G Bills Billy Shaw
7%
1990 OT 49ers Bob St. Clair
7%
2003 DE Oilers Elvin Bethea
7%
1970 HB 49ers Hugh McElhenny
7%
2015 C Vikings Mick Tingelhoff
7%
1972 HB Cardinals Ollie Matson
7%
2018 LB Oilers Robert Brazile
7%
1979 OT Chargers Ron Mix
7%
1969 OT Redskins Turk Edwards
7%
1979 S Lions Yale Lary
7%
1966 QB Packers Arnie Herber
6%
2015 Owner Colts Bill Polian
6%
1963 OT Pirates Cal Hubbard
6%
2014 DE Falcons Claude Humphrey
6%
2000 LB 49ers Dave Wilcox
6%
2005 HB Pros Fritz Pollard
6%
1966 Official N/A Shorty Ray
6%
1983 Coach Chargers Sid Gillman
6%
1970 WR Rams Tom Fears
6%
1971 DE Giants Andy Robustelli
5%
2005 QB Giants Benny Friedman
5%
2018 GM Redskins Bobby Beathard
5%
1967 Owner Cardinals Charles Bidwell
5%
1968 HB Redskins Cliff Battles
5%
1965 G Bears Dan Fortmann
5%
1975 End Browns Dante Lavelli
5%
1969 DT Steelers Ernie Stautner
5%
2007 G Browns Gene Hickerson
5%
1975 LB Bears George Connor
5%
1970 S Lions Jack Christiansen
5%
1995 GM Vikings Jim Finks
5%
2003 G Bills Joe Delamielleure
5%
1967 HB Giants Ken Strong
5%
2019 C Jets Kevin Mawae
5%
1970 End Eagles Pete Pihos
5%
2007 CB Cardinals Roger Wehrli
5%
2020 S Broncos Steve Atwater
5%
1966 HB Steelers Bill Dudley
4%
1971 FB Bears Bill Hewitt
4%
1968 HB Cardinals Charley Trippi
4%
1964 FB/LB Packers Clarke Hinkle
4%
2020 S Steelers Donnie Shell
4%
1985 C Browns Frank Gatski
4%
1966 HB Bears George McAfee
4%
1965 QB Cardinals John Driscoll
4%
1969 OT 49ers Leo Nomellini
4%
2011 LB Rams Les Richter
4%
1964 OT Bulldogs Link Lyman
4%
1996 OL Lions Lou Creekmur
4%
2020 WR Browns Mac Speedie
4%
1984 OT Browns Mike McCormack
4%
2020 GM Giants Paul Tagliabue
4%
1981 WR Giants Red Badgro
4%
2015 GM Raiders Ron Wolf
4%
2020 Contrinutor NFL Films Steve Sabol
4%
1974 HB Packers Tony Canadeo
4%
1978 FB Giants Tuffy Leemans
4%
2020 OL Jets Winston Hill
4%
2020 S Cowboys Cliff Harris
3%
2016 G Lions Dick Stanfel
3%
1964 OT Bears Ed Healey
3%
1971 OT Yankees Frank Kinard
3%
1982 OL Bears George Musso
3%
1964 C Bears George Trafton
3%
2020 Commisioner N/A George Young
3%
1969 End Bulldogs Greasy Neale
3%
1965 HB Bulldogs Guy Chamberlin
3%
2020 OL Bears Jim Covert
3%
1964 HB/QB Badgers Jimmy Conzelman
3%
1966 HB Bulldogs Joe Guyon
3%
1967 OT Bears Joe Stydahar
3%
1964 G/FB Yankees Mike Michalske
3%
1976 End Giants Ray Flaherty
3%
1966 G/OT Pirates Walt Kiesling
3%
1968 End Redskins Wayne Millner
3%
1968 C Lions Alex Wojciechowicz
2%
1984 DT Giants Arnie Weinmeister
2%
2020 S Packers Bobby Dillon
2%
2020 DL Bears Ed Sprinkle
2%
2019 S Chiefs Johnny Robinson
2%
2019 Contributor Broncos Pat Bowlen
2%
2020 OL Cardinals Duke Slater
1%
2019 Contributor Cowboys Gil Brnadt
1%
No matching quizzes found
Score Distribution
Percent of People with Each Score
Percentile by Number Answered
Your Score History
You have not taken this quiz since the last reset